[Event "HUN-chT2 Breyer 1819"]
[Site "Hungary"]
[Date "2019.04.28"]
[Round "9.3"]
[White "Szabo, Kristof"]
[Black "Molnar, Aurel"]
[Result "1/2-1/2"]
[WhiteElo "2099"]
[BlackElo "1626"]
[PlyCount "112"]
[EventDate "2018.10.28"]
[EventType "team-tourn"]
[EventRounds "9"]
[EventCountry "HUN"]
[SourceTitle "EXT 2021"]
[Source "ChessBase"]
[SourceDate "2020.10.23"]
[SourceVersion "1"]
[SourceVersionDate "2020.10.23"]
[SourceQuality "1"]
[WhiteTeam "Szekesfehervar"]
[BlackTeam "Torokbalint"]
[WhiteTeamCountry "HUN"]
[BlackTeamCountry "HUN"]

1. d4 Nf6 2. c4 e6 3. Nf3 d5 4. cxd5 exd5 5. Nc3 c6 6. g3 Bf5 7. Bg2 Nbd7 8. 0-0 Bd6 9. Re1 0-0 10. Nh4 Bg4 11. Qc2 Re8 12. f3 Bh5 13. Bg5 h6 14. Bxf6 Qxf6 15. Rad1 g5 16. Qf5 gxh4 17. Qxh5 Nf8 18. e4 Qg5 19. Qxg5+ hxg5 20. exd5 hxg3 21. hxg3 Rxe1+ 22. Rxe1 cxd5 23. Nxd5 Ne6 24. Nf6+ Kg7 25. Ne4 Bb4 26. Rc1 f5 27. Rc4 a5 28. Nc3 Nxd4 29. Rc7+ Kg6 30. Rxb7 Rc8 31. Rb6+ Kg7 32. Rb7+ Kg6 33. Rb6+ Kh5 34. Kh2 g4 35. fxg4+ fxg4 36. Bd5 Bxc3 37. bxc3 Rxc3 38. Rd6 Rc2+ 39. Kh1 Nf3 40. Bxf3 gxf3 41. Rd4 Rxa2 42. Rf4 f2 43. Kg2 a4 44. Rb4 Kg5 45. Rb5+ Kg4 46. Rb4+ Kf5 47. g4+ Ke5 48. g5 Kf5 49. Rb5+ Kg6 50. Ra5 Kh5 51. Kf1 Kg6 52. Kg2 a3 53. Kf1 Kh5 54. Kg2 Ra1 55. Kxf2 a2 56. Kg2 Kg6 1/2-1/2

[Event "HUN-chT2 Charousek 1213"]
[Site "Hungary"]
[Date "2012.12.02"]
[Round "5"]
[White "Kovacs, David"]
[Black "Szabo, Kristof"]
[Result "1-0"]
[WhiteElo "2156"]
[BlackElo "2076"]
[PlyCount "63"]
[EventDate "2012.09.16"]
[EventType "team-tourn"]
[EventRounds "11"]
[EventCountry "HUN"]
[SourceTitle "EXT 2014"]
[Source "ChessBase"]
[SourceDate "2013.11.20"]
[SourceVersion "1"]
[SourceVersionDate "2013.11.20"]
[SourceQuality "1"]
[WhiteTeam "Geniusz Tata"]
[BlackTeam "Fehervar"]
[WhiteTeamCountry "HUN"]
[BlackTeamCountry "HUN"]

1. e4 e6 2. d4 d5 3. Nd2 dxe4 4. Nxe4 Bd7 5. Nf3 Bc6 6. Bd3 Nd7 7. 0-0 Ngf6 8. Nc3 g6 9. b3 Bg7 10. Ba3 Nd5 11. Qd2 Ne7 12. Be4 Bxe4 13. Nxe4 0-0 14. Qb4 Re8 15. Qxb7 Nd5 16. c4 Nf4 17. Rad1 Rb8 18. Qa6 f5 19. Nc5 Nb6 20. Rfe1 g5 21. Bc1 g4 22. Ne5 Bxe5 23. Rxe5 Ng6 24. Rxe6 Rxe6 25. Nxe6 Qd6 26. d5 Re8 27. Re1 Qb4 28. Rf1 Qc3 29. Qxa7 Nf8 30. Qxc7 Nxe6 31. dxe6 Rxe6 32. Be3 1-0

[Event "Balatonalmadi Pannonia Cup 17th"]
[Site "Balatonalmadi"]
[Date "2012.07.28"]
[Round "6"]
[White "Szabo, Kristof"]
[Black "Lyell, Mark"]
[Result "1-0"]
[WhiteElo "2047"]
[BlackElo "2225"]
[PlyCount "121"]
[EventDate "2012.07.25"]
[EventType "swiss"]
[EventRounds "7"]
[EventCountry "HUN"]
[SourceTitle "EXT 2016"]
[Source "ChessBase"]
[SourceDate "2015.10.08"]
[SourceVersion "1"]
[SourceVersionDate "2015.10.08"]
[SourceQuality "1"]

1. e4 e5 2. Nf3 Nc6 3. Bc4 Nf6 4. d3 Bc5 5. 0-0 d6 6. Nc3 Bg4 7. Bb5 0-0 8. Bxc6 bxc6 9. Be3 Nd7 10. h3 Bh5 11. g4 Bg6 12. Qe2 Rb8 13. b3 Ba3 14. Rad1 Qe7 15. Bxa7 Ra8 16. Be3 Nc5 17. Nb1 Ne6 18. Nxa3 Rxa3 19. Ra1 Rfa8 20. c4 c5 21. Rfb1 Qf6 22. Rb2 h6 23. Kg2 c6 24. Qd2 Qd8 25. h4 h5 26. g5 Qd7 27. Nh2 d5 28. Qc2 Kh7 29. f3 f5 30. gxf6 gxf6 31. Qf2 f5 32. Qc2 fxe4 33. fxe4 dxe4 34. dxe4 Nd4 35. Bxd4 Qxd4 36. Re1 Rg8 37. Kh1 Rf8 38. Qg2 Rf4 39. Rbe2 Ra8 40. Nf3 Qd3 41. Re3 Qd6 42. a4 Raf8 43. Qh3 Qf6 44. Ng5+ Kh8 45. a5 Rf1+ 46. Rxf1 Qxf1+ 47. Qxf1 Rxf1+ 48. Kg2 Ra1 49. Nf3 Rxa5 50. Nxe5 Bh7 51. Nxc6 Ra6 52. Nd8 Kg7 53. Nb7 Rc6 54. e5 Kf8 55. Kf3 Ke7 56. Kf4 Bc2 57. Rg3 Kf8 58. Rf3 Rc7 59. Kg5+ Kg8 60. Nd6 Rg7+ 61. Kf6 1-0

[Event "Balatonalmadi Pannonia Cup 17th"]
[Site "Balatonalmadi"]
[Date "2012.07.26"]
[Round "3"]
[White "Szabo, Kristof"]
[Black "Szajbely, Zsigmond"]
[Result "0-1"]
[WhiteElo "2047"]
[BlackElo "2230"]
[PlyCount "96"]
[EventDate "2012.07.25"]
[EventType "swiss"]
[EventRounds "7"]
[EventCountry "HUN"]
[SourceTitle "EXT 2016"]
[Source "ChessBase"]
[SourceDate "2015.10.08"]
[SourceVersion "1"]
[SourceVersionDate "2015.10.08"]
[SourceQuality "1"]

1. e4 c5 2. Nf3 d6 3. d4 cxd4 4. Nxd4 Nf6 5. Nc3 g6 6. Be3 Bg7 7. Be2 0-0 8. 0-0 Nc6 9. Qd2 Ng4 10. Bxg4 Bxg4 11. Nxc6 bxc6 12. Bh6 Bxh6 13. Qxh6 Rb8 14. b3 Qb6 15. Qg5 Qd4 16. Qxg4 Qxc3 17. Qe2 a5 18. Rad1 a4 19. Rfe1 Rb5 20. Qd2 Rc5 21. Qxc3 Rxc3 22. Rd2 axb3 23. cxb3 c5 24. f3 f6 25. Ree2 Kf7 26. Rc2 Rxc2 27. Rxc2 Ke6 28. Kf2 f5 29. Ke3 fxe4 30. fxe4 Ke5 31. g3 Rf1 32. Re2 e6 33. Kd3 Rc1 34. a4 c4+ 35. bxc4 Ra1 36. Kc3 Rxa4 37. Kb3 Ra1 38. Kb2 Rd1 39. Kc3 Rd4 40. Rf2 Rxe4 41. Rf7 h5 42. Rg7 Rg4 43. Kd3 Rg5 44. Rb7 Rf5 45. Rb5+ Kf6 46. Rb8 Rf3+ 47. Ke4 Rc3 48. Rb4 Rc2 0-1

[Event "HUN-chT U18"]
[Site "Miskolc"]
[Date "2010.11.05"]
[Round "6.18"]
[White "Szabo, Kristof"]
[Black "Gal, Hanna Krisztina"]
[Result "1/2-1/2"]
[WhiteElo "1992"]
[BlackElo "1886"]
[PlyCount "94"]
[EventDate "2010.11.02"]
[EventType "team-swiss"]
[EventRounds "8"]
[EventCountry "HUN"]
[SourceTitle "EXT 2016"]
[Source "ChessBase"]
[SourceDate "2015.10.08"]
[SourceVersion "1"]
[SourceVersionDate "2015.10.08"]
[SourceQuality "1"]

1. e4 e6 2. d4 d5 3. e5 c5 4. c3 Nc6 5. Nf3 Bd7 6. a3 Nge7 7. b4 cxd4 8. cxd4 Qb6 9. Be3 Nf5 10. Be2 Be7 11. 0-0 0-0 12. Bd3 Rac8 13. Bxf5 exf5 14. Qd3 h6 15. Nc3 Be6 16. Na4 Qd8 17. Rfc1 b6 18. Nc3 Qd7 19. Qb5 g5 20. g3 f4 21. Bd2 g4 22. Ne1 Nxd4 23. Qxd7 Bxd7 24. Nxd5 Bg5 25. Rxc8 Rxc8 26. Nxf4 Bb5 27. Be3 Nf5 28. Rc1 Rxc1 29. Bxc1 Nd4 30. Be3 Nc6 31. e6 fxe6 32. Nxe6 Bxe3 33. fxe3 Ne5 34. Nd4 Bd7 35. Nec2 Kf7 36. Kf2 Kf6 37. b5 Ke7 38. Nb4 Kd6 39. e4 Nc4 40. a4 Nb2 41. Nbc6 Nxa4 42. Nxa7 Nc3 43. Ke3 Kc5 44. Nf5 Nxb5 45. Nxb5 Kxb5 46. Kd3 Kc5 47. Nxh6 Be6 1/2-1/2

[Event "HUN-chT2 Asztalos 1011"]
[Site "Hungary"]
[Date "2010.09.12"]
[Round "1.8"]
[White "Fath, Jozsef Jr"]
[Black "Szabo, Kristof"]
[Result "1/2-1/2"]
[WhiteElo "2002"]
[BlackElo "1992"]
[PlyCount "128"]
[EventDate "2010.09.12"]
[EventType "team-tourn"]
[EventRounds "11"]
[EventCountry "HUN"]
[SourceTitle "EXT 2012"]
[Source "ChessBase"]
[SourceDate "2011.11.24"]
[SourceVersion "1"]
[SourceVersionDate "2011.11.24"]
[SourceQuality "1"]
[WhiteTeam "Dombovar"]
[BlackTeam "Fehervar"]
[WhiteTeamCountry "HUN"]
[BlackTeamCountry "HUN"]

1. d4 Nf6 2. Nf3 e6 3. c4 Nc6 4. Nc3 Bb4 5. Bd2 d6 6. a3 Bxc3 7. Bxc3 Ne4 8. Qc2 Nxc3 9. Qxc3 0-0 10. e3 Re8 11. g3 e5 12. dxe5 Nxe5 13. Nxe5 dxe5 14. e4 Qd4 15. Qxd4 exd4 16. Bd3 f5 17. f3 fxe4 18. fxe4 Bf5 19. 0-0-0 Bxe4 20. Bxe4 Rxe4 21. Rhe1 Rae8 22. Rxe4 Rxe4 23. Kd2 Re3 24. Rf1 c5 25. Rf5 b6 26. Rd5 Kf7 27. Rd7+ Re7 28. Rd6 Rc7 29. Kd3 Ke7 30. Rd5 Rd7 31. Rh5 h6 32. b4 Kd6 33. Rd5+ Kc6 34. Re5 Rf7 35. Ke2 Rc7 36. Re6+ Kb7 37. b5 Rf7 38. a4 Kc7 39. Rc6+ Kd7 40. Rg6 Ke8 41. a5 Rb7 42. axb6 axb6 43. Rc6 h5 44. Kd2 Kf7 45. Kc2 g6 46. Rd6 Re7 47. Rxb6 Re3 48. Rc6 Rc3+ 49. Kd2 Rxc4 50. b6 Rb4 51. Rxc5 Rxb6 52. Kd3 Rb2 53. Kxd4 Rxh2 54. Ke5 Rf2 55. Rc7+ Kg8 56. Rc3 Kg7 57. Ke4 Kh6 58. Ke3 Rf5 59. Rc4 Rf6 60. Ra4 g5 61. Ra8 g4 62. Ke4 Rf3 63. Ra6+ Kg7 64. Ra7+ Kg6 1/2-1/2

[Event "HUN-ch U18"]
[Site "Budapest"]
[Date "2010.06.30"]
[Round "5"]
[White "Csomor, Viktor"]
[Black "Szabo, Kristof"]
[Result "1/2-1/2"]
[WhiteElo "2039"]
[BlackElo "1964"]
[PlyCount "50"]
[EventDate "2010.06.26"]
[EventType "swiss"]
[EventRounds "9"]
[EventCountry "HUN"]
[SourceTitle "CBM 137 Extra"]
[Source "ChessBase"]
[SourceDate "2010.09.01"]
[SourceVersion "1"]
[SourceVersionDate "2010.09.01"]
[SourceQuality "1"]

1. d4 Nf6 2. c4 Nc6 3. d5 Ne5 4. e3 e6 5. Nf3 Bb4+ 6. Bd2 Bxd2+ 7. Nbxd2 Ng6 8. dxe6 dxe6 9. Be2 0-0 10. 0-0 b6 11. Qc2 Qe7 12. Nd4 c5 13. Bf3 Bb7 14. Bxb7 Qxb7 15. N4f3 Rfd8 16. Rfd1 Rd7 17. Nf1 Rad8 18. Qa4 h5 19. Rxd7 Rxd7 20. Rd1 Rxd1 21. Qxd1 Qd7 22. Qxd7 Nxd7 23. Ng3 Nge5 24. Nxe5 Nxe5 25. b3 Nd3 1/2-1/2

[Event "HUN-ch U18"]
[Site "Budapest"]
[Date "2010.06.26"]
[Round "1"]
[White "Papp, Abel"]
[Black "Szabo, Kristof"]
[Result "1/2-1/2"]
[WhiteElo "2216"]
[BlackElo "1964"]
[PlyCount "53"]
[EventDate "2010.06.26"]
[EventType "swiss"]
[EventRounds "9"]
[EventCountry "HUN"]
[SourceTitle "CBM 137 Extra"]
[Source "ChessBase"]
[SourceDate "2010.09.01"]
[SourceVersion "1"]
[SourceVersionDate "2010.09.01"]
[SourceQuality "1"]

1. e4 e6 2. d4 d5 3. e5 c5 4. c3 Nc6 5. Nf3 Qb6 6. a3 c4 7. Nbd2 Bd7 8. Be2 f6 9. exf6 Nxf6 10. 0-0 Bd6 11. Re1 0-0 12. Nf1 Na5 13. N1d2 Qc7 14. Bf1 Ng4 15. g3 e5 16. dxe5 Bc5 17. Re2 Qb6 18. Qe1 Nb3 19. Nxb3 Bxf2+ 20. Rxf2 Rxf3 21. Nd4 Rxf2 22. h3 Raf8 23. Bg2 Nh6 24. Be3 Rxg2+ 25. Kxg2 Qxb2+ 26. Bd2 Nf5 27. Rb1 1/2-1/2

[Event "HUN-chT2 Charousek 0910"]
[Site "Hungary"]
[Date "2010.02.14"]
[Round "6"]
[White "Gosztola, Istvan"]
[Black "Szabo, Kristof"]
[Result "1-0"]
[WhiteElo "2166"]
[BlackElo "1966"]
[PlyCount "67"]
[EventDate "2009.11.08"]
[EventType "team-tourn"]
[EventRounds "11"]
[EventCountry "HUN"]
[SourceTitle "EXT 2011"]
[Source "ChessBase"]
[SourceDate "2010.11.26"]
[SourceVersion "1"]
[SourceVersionDate "2010.11.26"]
[SourceQuality "1"]
[WhiteTeam "Paks II"]
[BlackTeam "Fehervar"]
[WhiteTeamCountry "HUN"]
[BlackTeamCountry "HUN"]

1. d4 Nf6 2. Bg5 e6 3. e4 Be7 4. Bd3 Nc6 5. c3 d6 6. f4 Nd7 7. Nf3 h6 8. Bxe7 Nxe7 9. 0-0 0-0 10. e5 Nd5 11. Qd2 c5 12. Na3 cxd4 13. cxd4 N7b6 14. Rac1 Bd7 15. Bb1 Bc6 16. b3 Rc8 17. Nc4 Nxc4 18. bxc4 Ne7 19. Qd3 g6 20. Nd2 dxe5 21. fxe5 Nf5 22. d5 exd5 23. Rxf5 gxf5 24. Qxf5 Re8 25. Rf1 Rc7 26. Qh7+ Kf8 27. Qxh6+ Ke7 28. c5 Rf8 29. e6 Bb5 30. Qf6+ Ke8 31. exf7+ Rcxf7 32. Qe6+ Qe7 33. Qc8+ Qd8 34. Re1+ 1-0